000 00582nam a2200205Ia 4500
003 GCL
008 140319s9999 xx 000 0 eng d
040 _aGCL /
_cGCL
082 0 4 _a909.09761
_bY R
100 1 _aYOUNG, M.J.L
245 1 0 _aRELIGION,LEARNING AND SCIENCE IN THE ABBASID PERIOD /
_cYOUNG, M.J.L
700 1 _aLATHAM, J.D
700 1 _aSERFEANT, R.B
260 _a[S.N] :
_bCAMBRIDGE UNIVERSITY PRESS ،
_c1990
300 _a587 P
650 0 4 _aWORLD HISTORY
650 0 4 _aISLAMIC EMPIRE - INTELLECUTAL LIFE
650 0 4 _aISLAM - CIVILIZATION
942 _2ddc
_cBK
999 _c15203
_d15203